| 000 | 00489nam a22001457a 4500 | ||
|---|---|---|---|
| 008 | 140403b xxu||||| |||| 00| 0 eng d | ||
| 020 | _a0 582 64392 9 | ||
| 050 | _aDT463.M863 1983 | ||
| 100 |
_aMunslow, Barry _99763 |
||
| 245 |
_aMozambique _bthe Revolution and its origins _cBarry Munslow |
||
| 260 |
_aLondon _bLongman _c1983 |
||
| 300 |
_axii, 195p. ; _c23cm. |
||
| 650 |
_aPolitics and government _xNational liberation movements _yto 1975 _zMozambique _99764 |
||
| 942 |
_2lcc _cMONOGRAPH _03 |
||
| 999 |
_c120378 _d120378 |
||